| 000 | 00840nam0a22002531 4500 | ||
|---|---|---|---|
| 001 | RU\NLR\INFOCOMM\LIB\43776 | ||
| 005 | 20250617205732.0 | ||
| 035 | _a(NLR Aleph) 004318622 | ||
| 090 |
_a2832834 _c2832834 |
||
| 100 | _a20020124d1954 |||y0rusy50 ca | ||
| 101 | 0 | _afin | |
| 102 | _aRU | ||
| 105 | _aa ||||000ay | ||
| 200 | 1 |
_aNeuvostoliiton perustuslaki _fV.A.Karpinski |
|
| 210 |
_aPetroskoi _cKarjalais-Suomalaisen SNT:n Valtion kustannusliike _d1954 |
||
| 215 |
_a144с.,7л.ил. _cил.,схем. _d23см |
||
| 300 | _aНа обороте тит. л.: В.А.Карпинский.Конституция СССР. | ||
| 700 | 1 |
_aKarpinskij _bV.A. _f1880- _gV'ačeslav Alekseevič _4070 |
|
| 801 | 1 |
_aRU _bInfoComm _c20020124 |
|
| 801 | 0 |
_aRU _bNLR _gPSBO |
|
| 852 |
_aNLR _bН _jФин/3-3960 |
||
| 942 | _cBOOK | ||
| 980 | _aNB | ||